| 000 | 00411nam a22001697a 4500 | ||
|---|---|---|---|
| 999 |
_c257370 _d257369 |
||
| 003 | OSt | ||
| 005 | 20181024085913.0 | ||
| 008 | 181024b xxu||||| |||| 00| 0 eng d | ||
| 020 | _a061827703x | ||
| 040 | _cn/a | ||
| 050 |
_aPN4121 _b.O837 2003 |
||
| 100 | _aMichael Osborn & Suzanne Osborn | ||
| 245 | _aPublic speaking | ||
| 250 | _a6th ed | ||
| 260 |
_aBoston _bHoughton Mifflin _c2003 |
||
| 942 |
_2lcc _cBK |
||